Central Library OPAC University of Rajshahi

পুঁজিবাদের পুঁজি ও তৃতীয় বিশ্ব / (Record no. 38228)

MARC details
000 -LEADER
fixed length control field 00943nam a2200229 a 4500
001 - CONTROL NUMBER
control field 38228
003 - CONTROL NUMBER IDENTIFIER
rucl marc code BD-RjUL
005 - DATE AND TIME OF LATEST TRANSACTION
control field 20211209052743.0
008 - FIXED-LENGTH DATA ELEMENTS--GENERAL INFORMATION
fixed length control field 151011s1985 bg ||||| |||| 00| 0 ben d
035 ## - SYSTEM CONTROL NUMBER
System control number (BD-RjUL)38333
040 ## - CATALOGING SOURCE
Original cataloging agency BD-RjUL
Language of cataloging eng
Transcribing agency BD-RjUL
041 ## - LANGUAGE CODE
Language code of text/sound track or separate title eng
082 ## - DEWEY DECIMAL CLASSIFICATION NUMBER
Edition number 23
Classification number 330.1221724
Author mark and year MAP 1985
100 ## - MAIN ENTRY--PERSONAL NAME
Personal name মাহবুব, আবু
9 (RLIN) 118207
245 ## - TITLE STATEMENT
Title পুঁজিবাদের পুঁজি ও তৃতীয় বিশ্ব /
Statement of responsibility, etc. আবু মাহবুব ; সম্পাদনায় আবুল বারাকাত
260 ## - PUBLICATION, DISTRIBUTION, ETC. (IMPRINT)
Place of publication, distribution, etc. ঢাকা :
Name of publisher, distributor, etc. ঢাকা বিশ্ববিদ্যালয়,
Date of publication, distribution, etc. ১৯৮৫
300 ## - PHYSICAL DESCRIPTION
Pagination ২৮০ পৃ. :
Size ২৫ সেমি.
650 ## - SUBJECT ADDED ENTRY--TOPICAL TERM
Topical term or geographic name as entry element পুঁজিবাদ
Geographic subdivision তৃতীয় বিশ্ব
9 (RLIN) 118208
Topical term or geographic name as entry element Capitalism
Geographic subdivision third world.
9 (RLIN) 118209
700 ## - ADDED ENTRY--PERSONAL NAME
Personal name বারাকাত, আবুল
942 ## - ADDED ENTRY ELEMENTS (KOHA)
Source of classification or shelving scheme Dewey Decimal Classification
Koha item type Books
Holdings
Lost status Source of classification or shelving scheme Damaged status Not for loan Collection code Permanent Location Current Location Shelving location Date acquired Source of acquisition Coded location qualifier Total Checkouts Full call number Date last seen Copy number Koha item type Cost, normal purchase price
  Dewey Decimal Classification     Non-fiction Central Library, University of Rajshahi Central Library, University of Rajshahi   08/10/1987 ঢা.বি. গ্র: স: ঢাকা 100.00   B 330.1221724 MAP 1985 11/10/2015 C-2 Books  
  Dewey Decimal Classification     Non-fiction Central Library, University of Rajshahi Central Library, University of Rajshahi   08/10/1987 Dhaka university Library     B 330.1221724 MAP 1985 08/08/2016 C-3 Books 100.00
  Dewey Decimal Classification     Non-fiction Central Library, University of Rajshahi Central Library, University of Rajshahi   08/10/1987 DUL     B 330.1221724 MAP 1985 20/09/2016 C-4 Books 100.00
  Dewey Decimal Classification   Not For Loan Non-fiction Central Library, University of Rajshahi Central Library, University of Rajshahi Reading Room 23/02/1986 University central library, Dhaka     B 330.1221724 MAP 1985 29/12/2016 C-1 Books 100.00
  Dewey Decimal Classification     Non-fiction Central Library, University of Rajshahi Central Library, University of Rajshahi General Stacks 23/10/2025 A.B.M. Husain     330.1221724 MAP 1985 26/10/2025 C-5 Books